{"text_format":"3","workbook":"xls","n_sheets":1,"sheets":["Sheet1"],"read":"whole","date_system":"1900","formulas":"cached_only"}

{"sheet":"Sheet1","index":0,"n_rows":76,"n_cols":8,"rows_kept":76,"merged":[[0,0,0,7],[72,1,72,5],[75,0,75,7]],"flags":["formulas_cached_only"]}
["汽车机电系 2024-2025-1 第二批次 耗材采购 汇总表"]
["序号","耗材品名","型号规格","单位","数量","参考单价","单项控制价","耗材用途"]
[1,"0.6焊丝",0.6,"卷",3,240,720,"技能大赛、课程"]
[2,"小锯条","强斯威","袋",20,120,2400,"技能大赛、课程"]
[3,"氩气Co2混合气","常规","罐",4,200,800,"技能大赛、课程"]
[4,"（七件套）","奔腾","套",10,280,2800,"技能大赛、课程"]
[5,"汽油","95号","L",100,9,900,"发动机课程、考工、大赛"]
[6,"柴油","0号","L",100,9,900,"发动机课程、考工、大赛"]
[7,"头戴式口罩","3m（一袋50个）","袋",4,100,400,"发动机课程、考工、大赛"]
[8,"宝骏N15（拆旧）发动机","常规","台",2,8500,17000,"发动机课程、考工、大赛"]
[9,"环带打磨机","强斯威","个",1,1050,1050,"技能大赛、课程"]
[10,"气动切割锯","强斯威","个",1,1200,1200,"技能大赛、课程"]
[11,"门板奔腾","奔腾","个",37,280,10360,"技能大赛、课程"]
[12,"洗车大毛巾",null,"条",6,30,180,"技能大赛、课程"]
[13,"除油布","宽300mm长350mm","卷",4,150,600,"实验实训"]
[14,"香蕉水","20L一桶","桶",6,120,720,"实验实训"]
[15,"原子灰","ppg","桶",5,180,900,"技能大赛"]
[16,"门板","ppg","块",10,300,3000,"实验实训"]
[17,"PVC手套","常规","盒",6,75,450,"实验实训"]
[18,"一次性水性纸漏斗","常规","个",200,0.8,160,"实验实训"]
[19,"除油剂P85015","PPGP85015","桶",2,310,620,"技能大赛"]
[20,"粘尘布","常规","袋",20,10,200,"技能大赛"]
[21,"坚蓝",8957,"桶",5,355,1775,"技能大赛"]
[22,"水性自流平Cromax","ps2102、wb2075、tn800","桶",3,1000,3000,"技能大赛"]
[23,"水性清漆+固化剂","wbc998、wbh210","桶",3,850,2550,"技能大赛"]
[24,"自流平底漆（P565-5605）","（P565-5605）","桶",2,650,1300,"实验实训"]
[25,"电子焊接套件","NE555继电器延时定时器","套",100,10,1000,"电子焊接"]
[26,"电子焊接套件","四位数字时钟","套",50,10,500,"电子焊接"]
[27,"电子焊接套件","万能板6*6","个",250,3,750,"电子焊接"]
[28,"电子焊接套件","焊丝（100克）","个",10,17,170,"电子焊接"]
[29,"电子焊接套件","BT33单晶结体管调光电路","套",200,7.3,1460,"电子焊接"]
[30,"电烙铁","SATA40W恒温内热式","个",30,40,1200,"电子焊接"]
[31,"指示灯380V","红、黄、绿各一种","套",20,4,80,"电工实训"]
[32,"接线端子排","TBR-20-铜","盒（200个）",5,70,350,"电工实训"]
[33,"网孔板","白色600*700","个",30,10,300,"电工实训"]
[34,"槽板","35*35（2米长）","根",50,12,600,"电工实训"]
[35,"变频器","三菱FR-E740-0.75K","个",4,850,3400,"电工实训"]
[36,"带按钮3孔按钮盒22mm","LA38自复位三位","个",20,20,400,"电工实训"]
[37,"PLC","三菱FX48MR","个",3,1100,3300,"电工实训"]
[38,"Q235圆钢","φ35*110","根",40,14,560,"钳工实训"]
[39,"直柄麻花钻","φ8.8","根",10,11,110,"钳工实训"]
[40,"直柄麻花钻","φ5.8","根",10,7,70,"钳工实训"]
[41,"直柄麻花钻","φ5","根",10,6,60,"钳工实训"]
[42,"直柄麻花钻","φ4.2","根",10,3,30,"钳工实训"]
[43,"Q235圆钢","φ10*230","根",40,6,240,"钳工实训"]
[44,"刀口角尺","125mm","把",40,35,1400,"钳工实训"]
[45,"丝锥","M10","根",10,20,200,"钳工实训"]
[46,"铰刀","φ10H7","根",10,20,200,"钳工实训"]
[47,"手用铰杠","8寸","把",10,20,200,"钳工实训"]
[48,"扳牙","M10","个",10,15,150,"钳工实训"]
[49,"扳牙扳手","M10","把",10,15,150,"钳工实训"]
[50,"划针",null,"根",5,100,500,"钳工实训"]
[51,"白纱手套",null,"副",100,2,200,"钳工实训"]
[52,"木柄圆头锤","3磅","把",10,20,200,"钳工实训"]
[53,"扁头錾子","12寸","把",10,18,180,"钳工实训"]
[54,"游标卡尺","150mm/0.02mm","把",10,45,450,"钳工实训"]
[55,"Q235钢","120*76*8mm，精度正2mm、负0","块",100,10,1000,"钳工实训"]
[56,"手用锯弓","300mm","把",40,20,800,"钳工实训"]
[57,"平锉刀","12寸粗齿胶柄","把",30,22,660,"钳工实训"]
[58,"平锉刀","6寸细齿胶柄","把",30,14,420,"钳工实训"]
[59,"三角锉刀","10寸粗齿胶柄","把",30,18,540,"钳工实训"]
[60,"手用钢锯条","300mm/1000根","箱",8,300,2400,"钳工实训"]
[61,"毛刷","4寸","把",40,5,200,"钳工实训"]
[62,"铜刷","4寸","把",40,5,200,"钳工实训"]
[63,"除锈剂wd-40","400ml","瓶",4,65,260,"钳工实训"]
[64,"六类网线","5m","个",10,20,200,"智能制造设备技术应用"]
[65,"airtac亚德客电磁阀","4V110-M5\nDC24V","个",4,50,200,"智能制造设备技术应用"]
[66,"扎带","4*200mm","袋",15,12,180,"智能制造设备技术应用"]
[67,"螺丝批6件套","PH0\nPH1\n1.4mm\n2.0mm\n2.4mm\n3.0mm","套",4,20,80,"智能制造设备技术应用"]
[68,"自粘式扎带固定座","30*30mm","包",5,15,75,"智能制造设备技术应用"]
[69,"弹簧垫片","M4","包",3,5,15,"智能制造设备技术应用"]
[70,"弹簧垫片","M5","包",2,5,10,"智能制造设备技术应用"]
[null,"总控制价：",{"$nulls":4},79635]
[]
[]
["注：1.此表单价为参考价格，报价不得超过控制价；2.可将此表修改为报价单，但其中序号、耗材品名、型号规格、单位、数量不得修改。"]